Regions of Malta Quiz - Statistics

General Stats
  • This quiz has been taken 39 times
  • The average score is 5 of 6
Answer Stats
Region % Correct
Gozo
100%
Southern
88%
Northern
83%
Eastern
71%
Western
71%
Port
50%
No matching quizzes found
Score Distribution
Percent of People with Each Score
Percentile by Number Answered
Your Score History
You have not taken this quiz